Greek Mythological Creatures Quiz Stats

Quiz Updated Jun 26, 2013

Challenge
Share
Tweet
Embed
Score 0/25 Timer 07:00
1 Play Today
% Correct
Pegasus
88.5%
Medusa
87.8%
Phoenix
86.3%
Minotaur
82.9%
Centaurs
81.6%
Cerberus
80.2%
Sirens
79.5%
Erymanthian Boar
78.6%
Harpies
72.3%
Stymphalian Birds
71.1%
Satyrs
71%
Lernean Hydra
70.5%
Sphinx
69%
% Correct
Nemean Lion
66.9%
Chimera
56.3%
Polyphemus
52.5%
Scylla
45.4%
Typhon
43%
Charybdis
41.2%
Echidna
31.8%
Empusae
31.8%
Lamia
30.4%
Geryon
24.9%
Ladon
19.8%
Orthrus
19.1%

You're not logged in!

Compare scores with friends on all Sporcle quizzes.
Join for Free
OR
Log In

You Might Also Like...

Show Comments

Extras

Top Quizzes Today


Score Distribution

Your Account Isn't Verified!

In order to create a playlist on Sporcle, you need to verify the email address you used during registration. Go to your Sporcle Settings to finish the process.

Report this User

Report this user for behavior that violates our Community Guidelines.

Details: